Catálogo

LOS SILENCIOS DE LA HISTORIA : (Registro nro. 23431)

Detalles MARC
000 -LEADER
fixed length control field 00486nam a2200169 a 4500
001 - CONTROL NUMBER
control field 23431
005 - DATE AND TIME OF LATEST TRANSACTION
control field 20180713221510.0
008 - FIXED-LENGTH DATA ELEMENTS--GENERAL INFORMATION
fixed length control field 140415s1998 000 0 spa d
020 ## - INTERNATIONAL STANDARD BOOK NUMBER
International Standard Book Number 9686255125
041 ## - LANGUAGE CODE
Language code of text/sound track or separate title spa
082 ## - DEWEY DECIMAL CLASSIFICATION NUMBER
Classification number 972.0622042
Item number VAC
100 1# - MAIN ENTRY--PERSONAL NAME
Personal name VACA, AGUSTIN
245 14 - TITLE STATEMENT
Title LOS SILENCIOS DE LA HISTORIA :
Remainder of title LAS CRISTERAS
260 ## - PUBLICATION, DISTRIBUTION, ETC.
Place of publication, distribution, etc. [s.l.] :
Name of publisher, distributor, etc. EL COLEGIO DE JALISCO,
Date of publication, distribution, etc. 1998
300 ## - PHYSICAL DESCRIPTION
Extent 315
650 14 - SUBJECT ADDED ENTRY--TOPICAL TERM
Topical term or geographic name entry element MEXICO
General subdivision MUJERES
-- HISTORIA
-- CONFLICTO RELIGIOSO
Existencias
Withdrawn status Lost status Source of classification or shelving scheme Damaged status Not for loan Collection code Home library Current library Shelving location Date acquired Source of acquisition Inventory number Total Checkouts Full call number Barcode Date last seen Date last checked out Price effective from Koha item type Total Renewals
    Dewey Decimal Classification     General Biblioteca Karol Wojtyla Biblioteca Karol Wojtyla Sala general 03/12/2013 Compra 151000000000000000037891 2 972.0622042 VAC 44249 05/01/2026 27/11/2019 03/12/2013 Libro  
    Dewey Decimal Classification     General Biblioteca Karol Wojtyla Biblioteca Karol Wojtyla Sala general 03/12/2013 Compra 151000000000000000037890 2 972.0622042 VAC 44250 05/01/2026 08/03/2019 03/12/2013 Libro 1